000 00403nam a2200145Ia 4500
008 090124s9999 xx 000 0 und d
082 _b133613
_a102396
245 _a जगावेगळे जग
250 _a1
260 _bनाईक गुरुनाथ
_c2005
300 _a96
630 _a जगावेगळे जग
730 _a जगावेगळे जग
942 _cBOOK
999 _c179848
_d179848